La gestión mental: otra forma de ver y escuchar en pedagogía

Enregistré dans:
Détails bibliographiques
Auteur principal: Evano, Chantal (Auteur)
Format: Livre
Langue:espagnol
Publié: Barcelona Graó 2006
Édition:1a. ed
Collection:Biblioteca Aula, 224
Sujets:
Tags: Ajouter un tag
Pas de tags, Soyez le premier à ajouter un tag!

MARC

LEADER 00000cam a2200000 a 4500
001 UCI8630
003 CL-VaPUC
008 080911e20060000SP |||||||||||||||||spa|d
020 |a 8478274340 
082 0 4 |a 371.9  |b EVA  |2 21 
100 0 |a Evano, Chantal  |e author  |9 532155 
245 1 3 |a La gestión mental: otra forma de ver y escuchar en pedagogía 
250 |a 1a. ed 
300 |a 231 p 
942 |c BK 
945 |d 20080911 00:00:00  |a jtorresc 
260 |a Barcelona  |b Graó  |c 2006 
650 0 |a Trastornos del aprendizaje  |9 307969 
650 0 |a Niños de aprendizaje lento  |9 307489 
650 7 |a RELACION DOCENTE ALUMNO  |2 CL-VaPUC  |9 307734 
583 |a last modification  |c 20110902 11:44:16  |k Rodrigo Vera 
490 0 |a Biblioteca Aula, 224 
999 |c 331446  |d 331444 
952 |0 0  |1 0  |4 0  |6 371_900000000000000_EVA_2006  |7 0  |8 A  |9 418115  |a BIBEDU  |b BIBEDU  |c ES_NOD  |d 2019-11-22  |i 448021K  |o 371.9 EVA 2006  |p 448021K  |r 2023-08-09  |w 2019-11-22  |y BK  |k PSI 
952 |0 0  |1 0  |4 0  |6 371_900000000000000_EVA_2006  |7 0  |8 A  |9 418116  |a BIBEDU  |b BIBEDU  |c ES_NOD  |d 2019-11-22  |i 4790197  |l 1  |o 371.9 EVA 2006  |p 4790197  |r 2023-08-09  |s 2023-08-04  |w 2019-11-22  |y BK  |k EPE